NLSUI OPAC header image

Chemical or pharmaceutical selection patents : a study of India patent law in comparison to us, EU and UK patent laws (Record no. 217013)

MARC details
000 -LEADER
fixed length control field 01106nam a2200145Ia 4500
005 - DATE AND TIME OF LATEST TRANSACTION
control field 20260209120130.0
008 - FIXED-LENGTH DATA ELEMENTS--GENERAL INFORMATION
fixed length control field 260209s9999||||xx |||||||||||||| ||und||
100 ## - MAIN ENTRY--PERSONAL NAME
Personal name Anirudh Narain Bhatt
245 #0 - TITLE STATEMENT
Title Chemical or pharmaceutical selection patents : a study of India patent law in comparison to us, EU and UK patent laws
260 ## - PUBLICATION, DISTRIBUTION, ETC.
Place of publication, distribution, etc. BangaloreBangalore
Name of publisher, distributor, etc. NLSIU
Date of publication, distribution, etc. 2012
300 ## - PHYSICAL DESCRIPTION
Extent 77 p. ; 25 cm.
505 ## - FORMATTED CONTENTS NOTE
Formatted contents note CONTENTS Certificate ; Declaration ; Acknowledgement ; List of Abbreviations ; List of Cases ; Abstract ; Statement of Problem; Research methodology; Research questions; Hypotheses; Mode of citation; Introduction ; 1. History and Justification of Patent; 2. Patentable Subject Matter in Chemical Pharma Selection Patents: Product vs. Process Dichotomy ; 3. Novelty per se vs. Novelty for Purpose/Use ; 4. Factors Making a Selection Patent Non-obvious ; 5. Contours of Claim Drafting and Claim Construction in Selection Patents ; Conclusion ; Bibliography.
700 ## - ADDED ENTRY--PERSONAL NAME
Personal name Prof. (Dr.) T Ramakrishna - GuideProf. (Dr.) T Ramakrishna - Guide
856 ## - ELECTRONIC LOCATION AND ACCESS
Uniform Resource Identifier <a href="https://dans.nls.ac.in/handle/123456789/1859">https://dans.nls.ac.in/handle/123456789/1859</a>
Holdings
Withdrawn status Lost status Damaged status Not for loan Home library Current library Date acquired Total Checkouts Barcode Date last seen Price effective from Koha item type
        . . 09.02.2026   LLM378 09.02.2026 09.02.2026 Dissertation